00501nam a2200121Ia 4500008004100000020001800041100002000059245006300079260006400142300002000206999001900226952013400245180315s9999 xx 000 0 und d a9781433821363 aSarnat, Joan E. aSupervision essentials for psychodynamic psychotherapies : aWashington, D.C :b2016cAmerican Psychological Association axiii, 170 pages c356326d356326 001040aCLbCLcGSLd2018-03-15eLibrary Fundl1m1oRC 502 .Sa246 2016pC21430r2020-12-03 00:00:00s2020-11-24w2018-03-15yBK